| Tag |
First Indicator |
Second Indicator |
Subfields |
| LEADER |
00000cam a2200000 a 4500 |
| 001 |
in00001432621 |
| 005 |
20151020091609.0 |
| 008 |
880908s1990 nyu j 000 1 eng |
| 010 |
|
|
|a 88029389
|
| 020 |
|
|
|a 068931499X :
|c 12.95
|
| 035 |
|
|
|a (OCoLC)18560555
|
| 035 |
|
|
|9 AHS0390AM
|
| 040 |
|
|
|a DLC
|c DLC
|d UtOrBLW
|
| 049 |
|
|
|a TXAG
|
| 050 |
0 |
0 |
|a PZ7.N24
|b Bg 1990
|
| 082 |
0 |
0 |
|a [Fic]
|2 19
|
| 100 |
1 |
|
|a Naylor, Phyllis Reynolds.
|
| 245 |
1 |
0 |
|a Bernie and the Bessledorf ghost /
|c Phyllis Reynolds Naylor.
|
| 250 |
|
|
|a 1st ed.
|
| 264 |
|
1 |
|a New York :
|b Atheneum,
|c 1990.
|
| 300 |
|
|
|a 132 pages ;
|c 22 cm.
|
| 336 |
|
|
|a text
|b txt
|2 rdacontent
|
| 337 |
|
|
|a unmediated
|b n
|2 rdamedia
|
| 338 |
|
|
|a volume
|b nc
|2 rdacarrier
|
| 500 |
|
|
|a "A Jean Karl book."
|
| 520 |
|
|
|a Living at the Bessledorf Hotel, where his father works as the manager, Bernie tries to solve the mystery of a troubled, young ghost who wanders the halls of the hotel at night.
|
| 650 |
|
1 |
|a Ghosts
|x Fiction.
|
| 650 |
|
1 |
|a Mystery and detective stories.
|
| 650 |
|
1 |
|a Hotels, motels, etc.
|x Fiction.
|
| 999 |
|
|
|a MARS
|
| 999 |
f |
f |
|s 41253ddb-c247-3271-8723-48763d2c6205
|i f2dd3024-55f2-3c87-9615-8b90a3952e81
|t 0
|
| 952 |
f |
f |
|p ric
|a Texas A&M University
|b Rellis Campus
|c Joint Library Facility
|d Remote Storage
|t 0
|e PZ7.N24 Bg 1990
|h Library of Congress classification
|i unmediated -- volume
|m A14822259656
|
| 998 |
f |
f |
|a PZ7.N24 Bg 1990
|t 0
|l Remote Storage
|